Mechanical engineering craft studies, part 2 (Record no. 82816)
[ view plain ]
| 000 -LEADER | |
|---|---|
| fixed length control field | 00674nam a2200157 a 4500 |
| 008 - FIXED-LENGTH DATA ELEMENTS--GENERAL INFORMATION | |
| fixed length control field | 120416s1971 ||||||||||||||||| || u |
| 020 ## - INTERNATIONAL STANDARD BOOK NUMBER | |
| International Standard Book Number | 0713132485 |
| 050 ## - LIBRARY OF CONGRESS CALL NUMBER | |
| Classification number | TJ 1160 Gre |
| 100 ## - MAIN ENTRY--PERSONAL NAME | |
| Personal name | Greer, Alex |
| 245 10 - TITLE STATEMENT | |
| Title | Mechanical engineering craft studies, part 2 |
| 260 ## - PUBLICATION, DISTRIBUTION, ETC. | |
| Place of publication, distribution, etc. | London |
| Name of publisher, distributor, etc. | Edward Arnold |
| Date of publication, distribution, etc. | 1971 |
| 300 ## - PHYSICAL DESCRIPTION | |
| Extent | vi, 224p. : ill. |
| 350 ## - | |
| -- | 0.00 |
| 995 ## - | |
| -- | MAIN LIBRARY OPEN ACCESS |
| -- | 0.00 |
| -- | 716853 |
| -- | CBU-MAIN LIBRARY (Kitwe) |
| -- | 2 |
| -- | 3.80 |
| -- | TJ 1160 Gre |
| -- | 1 |
| -- | AVAILABLE |
| -- | 016041 |
| -- | Main Library Open Access Collection |
| 995 ## - | |
| -- | MAIN LIBRARY OPEN ACCESS |
| -- | 0.00 |
| -- | 716460 |
| -- | CBU-MAIN LIBRARY (Kitwe) |
| -- | 1 |
| -- | 3.80 |
| -- | TJ 1160 Gre |
| -- | 2 |
| -- | AVAILABLE |
| -- | 016042 |
| -- | Main Library Open Access Collection |
| 999 ## - | |
| -- | 82816 |
| -- | 82816 |
| Withdrawn status | Lost status | Source of classification or shelving scheme | Damaged status | Not for loan | Permanent Location | Current Location | Shelving location | Date acquired | Total Checkouts | Full call number | Barcode | Date last seen | Copy number | Price effective from | Koha item type |
|---|---|---|---|---|---|---|---|---|---|---|---|---|---|---|---|
| CBU-MAIN LIBRARY, KITWE. | CBU-MAIN LIBRARY, KITWE. | 09/29/2023 | TJ 1160 Gre | 016041 | 09/29/2023 | 1 | 09/29/2023 | MONOGRAPH | |||||||
| CBU-MAIN LIBRARY, KITWE. | CBU-MAIN LIBRARY, KITWE. | 09/29/2023 | TJ 1160 Gre | 016042 | 09/29/2023 | 2 | 09/29/2023 | MONOGRAPH |